Phân tích sinh kế của nông hộ nghèo huyện Tân Phú Đông, tỉnh Tiền Giang : Luận văn tốt nghiệp cao học. Chuyên ngành Kinh tế Nông nghiệp

Phân tích sinh kế của nông hộ nghèo huyện Tân Phú Đông, tỉnh Tiền Giang; Đề xuất giải pháp phát triển sinh kế cho nông hộ nghèo trong vùng

Spremljeno u:
Bibliografski detalji
Glavni autor: Dương, Hải Triều
Format: Knjiga
Jezik:Undetermined
Izdano: Cần Thơ Trường Đại học Cần Thơ 2016
Teme:
Oznake: Dodaj oznaku
Bez oznaka, Budi prvi tko označuje ovaj zapis!
Thư viện lưu trữ: Trung tâm Học liệu Trường Đại học Cần Thơ
LEADER 01089nam a2200229Ia 4500
001 CTU_213377
008 210402s9999 xx 000 0 und d
082 |a 338.18 
082 |b Tr309 
088 |a 60620115 
100 |a Dương, Hải Triều 
245 0 |a Phân tích sinh kế của nông hộ nghèo huyện Tân Phú Đông, tỉnh Tiền Giang : 
245 0 |b Luận văn tốt nghiệp cao học. Chuyên ngành Kinh tế Nông nghiệp 
245 0 |c Dương Hải Triều ; Nguyễn Phú Son (hướng dẫn khoa học) 
260 |a Cần Thơ 
260 |b Trường Đại học Cần Thơ 
260 |c 2016 
520 |a Phân tích sinh kế của nông hộ nghèo huyện Tân Phú Đông, tỉnh Tiền Giang; Đề xuất giải pháp phát triển sinh kế cho nông hộ nghèo trong vùng 
650 |a Nông nghiệp,Agriculture 
650 |x Khía cạnh kinh tế,Economic aspects 
904 |i Nguyên 
980 |a Trung tâm Học liệu Trường Đại học Cần Thơ